00586nam a2200169 i 450000100060000000300090000600500170001500700030003200800410003508000190007610000210009524501390011626000690025530000210032465100480034585200230039329178ES-MaACL20230906154003.0t|030121s1864 sp ||||1| spa d a338.1(460)"18"1 aBarbier, José.10aCuestión de actualidad : bal Gobierno, a los banqueros y establecimientos de crédito y al comercio en general / cJosé Barbier. aMadrid : b[s.n.], c1864 (fImp. de José Fernández Cancela) a36 p. ; c20 cm. 4aEspaña-xSituación económica-yS.XIX.4 aES-MaACLjT-73-F-5